000
00209 a2200109 4500
020
_a
9788497540322
041
_a
spa
100
_a
David Suzuki
245
_a
Descubre los Sentidos
942
_c
BK
952
_7
1
999
_c
23122
_d
23122